50 Biggest Cities in Ecuador - Statistics

General Stats
  • This quiz has been taken 109 times
    35 since last reset
  • The average score is 21 of 50
Answer Stats
Rank Population Answer % Correct
2 1,607,734 Quito
100%
1 2,278,691 Guayaquil
96%
3 329,928 Cuenca
86%
11 154,035 Esmeraldas
82%
5 231,260 Machala
75%
7 217,553 Manta
75%
9 170,280 Loja
71%
10 165,185 Ambato
68%
15 131,856 Ibarra
64%
4 270,875 Santo Domingo
64%
6 230,839 Duran
61%
20 63,842 Latacunga
61%
8 206,682 Portoviejo
57%
13 146,324 Riobamba
57%
40 34,719 Salinas
54%
14 133,508 Milagro
50%
12 150,827 Quevedo
50%
17 90,191 Babahoyo
46%
33 39,354 Otavalo
46%
18 75,080 Sangolqui
46%
42 33,848 Azogues
43%
21 53,558 Tulcan
43%
34 39,028 Cayambe
39%
22 52,810 Chone
39%
19 65,145 Daule
39%
50 23,874 Guaranda
39%
25 48,562 Nueva Loja
39%
43 33,557 Puyo
39%
16 95,942 La Libertad
36%
26 47,706 Huaquillas
32%
28 46,312 Montecristi
32%
32 39,681 Santa Elena
32%
31 40,232 Jipijapa
29%
23 52,673 Pasaje
29%
41 34,409 Playas
29%
29 42,637 Samborondon
29%
27 46,358 El Carmen
25%
24 48,929 Santa Rosa
25%
49 28,487 Naranjal
21%
35 38,263 Buena Fe
18%
38 35,259 La Troncal
18%
30 40,730 Puerto Francisco de Orellana
18%
39 34,863 El Triunfo
11%
37 35,686 Velasco Ibarra
11%
36 38,168 Ventanas
11%
47 28,794 Balzar
7%
45 29,003 La Concordia
7%
46 28,928 Rosa Zarate
7%
44 30,248 Vinces
7%
48 28,546 Naranjito
4%
No matching quizzes found
Score Distribution
Percent of People with Each Score
Percentile by Number Answered
Your Score History
You have not taken this quiz since the last reset